00238 a2200097 450000100060000008200150000610000180002124500580003926000340009730000090013163247 a355.02 COC aDunnigan, J.F aHow to make war: a comp guide modern warfarehEnglish aLondon, UKbBook Club, London a442p